Howard Gardner's Intelligence's - Statistics

General Stats
  • This quiz has been taken 3 times
  • The average score is 7 of 9
Answer Stats
Answer % Correct
Bodily Kinaesthetic
100%
Interpersonal
100%
Intrapersonal
100%
Logical Mathematical
100%
Musical
100%
Naturalistic
67%
Spatial
67%
Existential
33%
Linguistic
33%
No matching quizzes found
Score Distribution
Percent of People with Each Score
Percentile by Number Answered
Your Score History
You have not taken this quiz